[Event "World Senior Teams +65"]
[Site "Hersonissos GRE"]
[Date "2017.04.29"]
[Round "6.2"]
[White "Renman,N"]
[Black "Vaisser,A"]
[Result "0-1"]
[WhiteElo "2361"]
[BlackElo "2506"]

1.d4 Nf6 2.Nf3 e6 3.c4 c5 4.d5 b5 5.Bg5 exd5 6.cxd5 h6 7.Bxf6 Qxf6 8.Qc2 Be7
9.e4 Qb6 10.a4 bxa4 11.Rxa4 d6 12.Na3 O-O 13.Nc4 Qc7 14.Bd3 Na6 15.O-O Nb4
16.Qd1 Bd7 17.Ra3 Bb5 18.Nfd2 Bf6 19.Bb1 Qe7 20.f4 Bd4+ 21.Kh1 f5 22.Qf3 fxe4
23.Bxe4 Rf6 24.Raa1 Raf8 25.Rae1 Qb7 26.g3 Qf7 27.h4 g6 28.Kg2 a5 29.Rh1 a4
30.h5 g5 31.f5 Ba6 32.Ne3 Bxe3 33.Rxe3 Bb7 34.g4 Nxd5 35.Ra3 Nf4+ 36.Kh2 d5
37.Bb1 Qc7 38.Rd1 Rb6 39.Kg1 Rxb2 40.Rxa4 c4 41.Ra2 Qb6+ 42.Kf1 c3 {#R} 0-1

[Event "World Senior Teams +65"]
[Site "Hersonissos GRE"]
[Date "2017.04.29"]
[Round "6.2"]
[White "Malmdin,N"]
[Black "Seret,JL"]
[Result "1-0"]
[WhiteElo "2197"]
[BlackElo "2381"]

1.e4 g6 2.d4 Bg7 3.Nc3 c6 4.h3 d6 5.Nf3 Nf6 6.a4 O-O 7.Bg5 d5 8.e5 Ne4 9.Bd3
f5 10.exf6 exf6 11.Bf4 Nxc3 12.bxc3 Re8+ 13.Kf1 Nd7 14.c4 c5 15.cxd5 cxd4
16.Nxd4 Nc5 17.Nb5 Nxd3 18.cxd3 g5 19.Bh2 f5 20.Rc1 f4 21.Nc7 Bf5 22.Nxe8 Qxe8
23.g4 fxg3 24.Bxg3 Qd7 25.Qb3 Bxh3+ 26.Kg1 Re8 27.Kh2 Be5 28.Rhe1 Bxg3+
29.fxg3 Rf8 30.d6+ Kh8 31.Qb2+ {#r} 1-0

[Event "World Senior Teams +65"]
[Site "Hersonissos GRE"]
[Date "2017.04.29"]
[Round "6.2"]
[White "Letzelter,JC"]
[Black "Hedin,G"]
[Result "1-0"]
[WhiteElo "2134"]
[BlackElo "2193"]

1.b4 d5 2.e3 e5 3.Bb2 f6 4.a3 Be6 5.d4 Nd7 6.dxe5 fxe5 7.Nf3 Bd6 8.Nbd2 Ngf6
9.c4 c6 10.cxd5 Bxd5 11.Nc4 Qe7 12.Nxd6+ Qxd6 13.Qc2 O-O 14.Be2 Kh8 15.Rd1 Qe6
16.Qb1 Rae8 17.Ng5 Qg8 18.e4 Bb3 19.Rd6 h6 20.h4 g6 21.Nf3 Re7 22.Qd3 Kh7
23.g4 Be6 24.Ng5+ hxg5 25.hxg5+ Kg7 26.gxf6+ Rxf6 27.Bc1 Qf7 28.Qh3 Qg8 29.Bg5
Rf4 30.Bxe7 {#r} 1-0

[Event "World Senior Teams +65"]
[Site "Hersonissos GRE"]
[Date "2017.04.29"]
[Round "6.4"]
[White "Kratschmer,H"]
[Black "Wademark,H"]
[Result "1-0"]
[WhiteElo "2003"]
[BlackElo "2037"]

1.d4 d5 2.Nf3 Nf6 3.c4 c6 4.Nc3 dxc4 5.a4 Na6 6.e4 Bg4 7.Bxc4 e6 8.O-O Nb4
9.Be3 Be7 10.Rc1 O-O 11.h3 Bxf3 12.Qxf3 Rc8 13.Rfd1 Qa5 14.b3 Rfd8 15.e5 Nfd5
16.Ne4 Rd7 17.Qg3 Nxe3 18.fxe3 Qd8 19.Rf1 Nd5 20.Rf3 Rdc7 21.Rcf1 Bf8 22.Qg4
Rb8 23.Ng5 Qe8 24.e4 b5 25.exd5 bxc4 26.dxe6 {#r} 1-0

[Event "World Senior Teams +65"]
[Site "Hersonissos GRE"]
[Date "2017.04.29"]
[Round "6.4"]
[White "Svensson,Soren"]
[Black "Pitzl,K"]
[Result "1-0"]
[WhiteElo "1992"]
[BlackElo "2001"]

1.d4 Nf6 2.c4 e6 3.Nf3 c5 4.d5 d6 5.Nc3 exd5 6.cxd5 g6 7.h3 Bg7 8.e4 a6 9.a4
O-O 10.Bd3 Re8 11.O-O Nbd7 12.Bf4 Qc7 13.Re1 Nh5 14.Bh2 Ne5 15.Be2 Qb6 16.Nxe5
Bxe5 17.Bxh5 Qxb2 18.Bxe5 Rxe5 19.Qd3 c4 20.Qxc4 Rxh5 21.Rab1 Qd2 22.Re3 Rg5
23.Qc7 h6 24.Qxd6 Qd4 25.Rd1 Qe5 26.Qxe5 Rxe5 27.f4 Re8 28.g4 b5 29.axb5 axb5
30.Nxb5 Ra2 31.e5 Bd7 32.Nc3 Rc2 33.Ne4 Ra8 34.Nf6+ Kg7 35.Nxd7 Raa2 36.Rg3
{#r} 1-0

[Event "World Senior Teams +65"]
[Site "Hersonissos GRE"]
[Date "2017.04.29"]
[Round "6.5"]
[White "Titz,Hei"]
[Black "Borwell,A"]
[Result "1-0"]
[WhiteElo "2154"]
[BlackElo "2000"]

1.c4 Nf6 2.Nf3 b6 3.g3 Bb7 4.Bg2 e6 5.d4 Bb4+ 6.Nbd2 O-O 7.O-O Bxd2 8.Qxd2 d6
9.b3 Nbd7 10.Bb2 Qe7 11.Rfd1 Rad8 12.Rac1 Ne4 13.Qe3 Nef6 14.h3 h6 15.d5 Nh7
16.dxe6 fxe6 17.Nd4 Bxg2 18.Kxg2 Rde8 19.Nb5 a6 20.Nxc7 {#r} 1-0

[Event "World Senior Teams +65"]
[Site "Hersonissos GRE"]
[Date "2017.04.29"]
[Round "6.5"]
[White "McKerracher,D"]
[Black "Ager,J"]
[Result "0-1"]
[WhiteElo "1941"]
[BlackElo "2132"]

1.e4 e5 2.Nf3 Nc6 3.Bb5 a6 4.Bxc6 dxc6 5.O-O Bg4 6.d3 Bd6 7.Be3 Ne7 8.Nbd2 Ng6
9.c3 c5 10.Qc2 O-O 11.h3 Bd7 12.d4 cxd4 13.cxd4 exd4 14.Bxd4 Re8 15.Rfe1 Qc8
16.e5 Bf5 17.Qc3 Bf8 18.Kh2 c5 19.Be3 Qc7 20.g4 Bd7 21.Rad1 Bc6 22.Rc1 b6
23.b4 Rad8 24.bxc5 b5 25.Kg1 Nxe5 26.Nxe5 Rxe5 27.Nf1 Red5 28.Ng3 Rd3 29.Qc2
Qd7 30.f4 Qd5 31.Qf2 g6 32.Re2 Bg7 33.Kh2 Bf6 34.g5 Bc3 35.Rg1 b4 36.f5 Be5
37.Bf4 Rf3 {#R} 0-1

[Event "World Senior Teams +65"]
[Site "Hersonissos GRE"]
[Date "2017.04.29"]
[Round "6.5"]
[White "Danner,L"]
[Black "Webster,Jim J"]
[Result "1-0"]
[WhiteElo "2043"]
[BlackElo "1807"]

1.g3 c5 2.Bg2 Nc6 3.f4 g6 4.Nf3 Bg7 5.d3 d6 6.c3 Nf6 7.e4 e6 8.Qe2 O-O 9.O-O
Qc7 10.Kh1 b6 11.Be3 Bb7 12.Nbd2 d5 13.e5 Nd7 14.Rfe1 Rfe8 15.d4 Rab8 16.Rac1
c4 17.Nf1 b5 18.a3 a5 19.g4 Ne7 20.Ng3 Kh8 21.Qd2 Ng8 22.f5 exf5 23.gxf5 Bc8
24.Bf4 Qb6 25.Ng5 Rf8 26.e6 fxe6 27.fxe6 Ndf6 28.Nf7+ {#r} 1-0

[Event "World Senior Teams +65"]
[Site "Hersonissos GRE"]
[Date "2017.04.29"]
[Round "6.6"]
[White "Illi,HJ"]
[Black "Fernengel,R"]
[Result "1-0"]
[WhiteElo "2059"]
[BlackElo "1788"]

1.e4 d6 2.d4 g6 3.Nc3 Bg7 4.f4 Nd7 5.Be3 e6 6.Nf3 Ne7 7.Be2 a6 8.Qd2 b6 9.O-O
O-O 10.Nd1 d5 11.e5 c5 12.c3 Nf5 13.Bf2 h5 14.h3 Re8 15.g4 hxg4 16.hxg4 Ne7
17.Kg2 c4 18.Rh1 b5 19.Bh4 Qb6 20.Ne3 Bb7 21.Bxe7 Rxe7 22.g5 Bf8 23.Ng4 Ree8
24.Nf6+ Nxf6 25.gxf6 Bg7 26.Qe1 {#r} 1-0

[Event "49th Italian Teams 2017"]
[Site "Gallipoli ITA"]
[Date "2017.04.29"]
[Round "3.1"]
[White "Basso,Pier Luigi"]
[Black "Godena,M"]
[Result "0-1"]
[WhiteElo "2447"]
[BlackElo "2508"]

1.e4 e5 2.Nf3 Nc6 3.Nc3 Nf6 4.Bb5 Nd4 5.Bc4 d6 6.Nxd4 exd4 7.Nd5 Nd7 8.a3 c6
9.Nf4 g6 10.O-O Bg7 11.d3 O-O 12.Bd2 Qh4 13.Qe1 Ne5 14.Ba2 Nf3+ 15.gxf3 Be5
16.Kh1 Bxf4 17.Bxf4 Qxf4 18.Qe2 Be6 19.Rg1 Rae8 20.Bxe6 fxe6 21.Rg3 Rf7 22.c3
e5 23.Rag1 Ref8 24.Rh3 Kg7 25.Rg4 Qxg4 26.fxg4 Rxf2 27.Re3 Rxe2 28.Rxe2 dxc3
29.bxc3 Rf1+ 30.Kg2 Rd1 31.Rb2 b6 32.a4 Rxd3 33.a5 b5 34.c4 bxc4 {#R} 0-1

[Event "49th Italian Teams 2017"]
[Site "Gallipoli ITA"]
[Date "2017.04.29"]
[Round "3.1"]
[White "Brunello,S"]
[Black "Valsecchi,A"]
[Result "0-1"]
[WhiteElo "2563"]
[BlackElo "2491"]

1.d4 Nf6 2.c4 g6 3.Nc3 d5 4.cxd5 Nxd5 5.e4 Nxc3 6.bxc3 Bg7 7.Be3 c5 8.Qd2 Qa5
9.Rc1 O-O 10.Nf3 Rd8 11.d5 e6 12.Be2 Nc6 13.O-O exd5 14.exd5 Bg4 15.Rfd1 Bxf3
16.Bxf3 Ne5 17.c4 Nxf3+ 18.gxf3 Qc7 19.Kg2 Rd7 20.Bf4 Qd8 21.a4 Rc8 22.Re1 a6
23.Rb1 Qf6 24.Re4 h5 25.Qe2 Kh7 26.Qd2 Qf5 {#R} 0-1

[Event "49th Italian Teams 2017"]
[Site "Gallipoli ITA"]
[Date "2017.04.29"]
[Round "3.3"]
[White "Bellia,F"]
[Black "Cebalo,M"]
[Result "1-0"]
[WhiteElo "2433"]
[BlackElo "2320"]

1.e4 c5 2.Nf3 d6 3.Bb5+ Nd7 4.O-O a6 5.Bd3 g6 6.Re1 Bg7 7.c3 b5 8.a4 c4 9.Bf1
Bb7 10.axb5 axb5 11.Rxa8 Qxa8 12.Na3 Bc6 13.Nd4 Qb7 14.b3 Ngf6 15.bxc4 bxc4
16.Nxc4 Qc7 17.Nxc6 Qxc6 18.e5 dxe5 19.Nxe5 Nxe5 20.Rxe5 Nd7 21.Re1 e6 22.Ba3
Bf8 23.Qb3 Bd6 24.Bb5 Qc7 25.Rxe6+ fxe6 26.Qxe6+ Kd8 27.Bxd6 Qa7 28.Be7+ Kc8
29.Ba6+ Kb8 30.Bd6+ {#r} 1-0

[Event "49th Italian Teams 2017"]
[Site "Gallipoli ITA"]
[Date "2017.04.29"]
[Round "3.6"]
[White "Sebastianelli,Di"]
[Black "Begelman,Boris"]
[Result "0-1"]
[WhiteElo "2328"]
[BlackElo "2229"]

1.d4 Nf6 2.Nc3 d5 3.Bg5 Nbd7 4.Qd3 c6 5.Nf3 g6 6.e4 dxe4 7.Nxe4 Bg7 8.O-O-O
O-O 9.Kb1 Qc7 10.Re1 a5 11.Qd2 Nxe4 12.Rxe4 Nf6 13.Re1 Bf5 14.Bf4 Qb6 15.Bd3
Bxd3 16.Qxd3 a4 17.a3 c5 18.Be5 Rfd8 19.Qc4 Rdc8 20.Re2 cxd4 21.Qxd4 Qb5
22.Rd2 Rc4 23.Bxf6 Bxf6 {#R} 0-1

[Event "49th Italian Teams 2017"]
[Site "Gallipoli ITA"]
[Date "2017.04.29"]
[Round "4.1"]
[White "Dvirnyy,D"]
[Black "Shytaj,L"]
[Result "1-0"]
[WhiteElo "2541"]
[BlackElo "2456"]

1.c4 e6 2.g3 c5 3.Nf3 Nc6 4.Bg2 g5 5.h3 Bg7 6.Nc3 h6 7.d3 Nge7 8.Bd2 d5 9.O-O
b6 10.a3 O-O 11.Rb1 a5 12.Na4 Bd7 13.Nc3 Bc8 14.Nb5 Bb7 15.Qc1 Ng6 16.cxd5
exd5 17.b4 axb4 18.axb4 Nxb4 19.Bxb4 cxb4 20.Rxb4 Qe7 21.Qd2 Rfc8 22.Nbd4 Ra2
23.Qxa2 Qxb4 24.Rb1 Qc5 25.Qa7 Bxd4 26.Nxd4 Qxd4 27.Qxb7 Re8 28.Rxb6 Re6
29.Qc8+ Kg7 30.Rxe6 fxe6 31.Qxe6 Qa1+ 32.Kh2 Qe1 33.Qe3 {#r} 1-0

[Event "49th Italian Teams 2017"]
[Site "Gallipoli ITA"]
[Date "2017.04.29"]
[Round "4.3"]
[White "Bertagnolli,A"]
[Black "Codenotti,M"]
[Result "0-1"]
[WhiteElo "2375"]
[BlackElo "2465"]

1.c4 e5 2.Nc3 Nf6 3.Nf3 Nc6 4.a3 d5 5.cxd5 Nxd5 6.e4 Nf4 7.d4 exd4 8.Bxf4 dxc3
9.Qxd8+ Nxd8 10.bxc3 Ne6 11.Be3 Nc5 12.Nd2 Be6 13.f3 O-O-O 14.Bc4 Bxc4 15.Nxc4
f6 16.a4 b6 17.Ke2 a5 18.h4 h5 19.Nb2 Bd6 20.Rad1 Rhe8 21.Rd5 g6 22.Rhd1 Ne6
23.Kf2 Be5 24.Nc4 Bf4 25.Bxf4 Nxf4 26.Rxd8+ Rxd8 27.Rxd8+ Kxd8 28.Nb2 Kd7
29.g3 Ne6 30.Ke3 Kc6 31.c4 Kc5 32.f4 Ng7 33.Kd3 Kb4 34.Nd1 Kxa4 35.Kc3 c6
36.Ne3 Ka3 37.f5 gxf5 38.exf5 b5 39.Nc2+ Ka2 40.cxb5 cxb5 41.Nd4 b4+ {#R} 0-1

[Event "49th Italian Teams 2017"]
[Site "Gallipoli ITA"]
[Date "2017.04.29"]
[Round "4.4"]
[White "Cebalo,M"]
[Black "Prohaszka,P2"]
[Result "0-1"]
[WhiteElo "2320"]
[BlackElo "2592"]

1.d4 d5 2.Nf3 Nf6 3.c4 c6 4.Nc3 dxc4 5.a4 Bf5 6.Ne5 Nbd7 7.Nxc4 Nb6 8.Ne5 a5
9.g3 e6 10.Bg2 Bb4 11.O-O O-O 12.e3 h6 13.Qe2 Nfd7 14.Nxd7 Nxd7 15.e4 Bg6
16.Bf4 Qe7 17.Na2 Bd6 18.Bxd6 Qxd6 19.Rfd1 Rfd8 20.Rac1 Qe7 21.Qc4 Nf6 22.f3
e5 23.dxe5 Qxe5 24.Nc3 Nd7 25.Kf2 Nb6 26.Qe2 Qc5+ 27.Ke1 Qb4 28.Qc2 Nc4 29.Bf1
Rxd1+ 30.Qxd1 Nxb2 31.Qc2 Nc4 32.Qb1 Ne5 33.Be2 f6 34.f4 Nd7 35.Qc2 Nc5 36.Kf1
Nxe4 37.Bd3 Qxc3 38.Qa2+ Bf7 39.Rxc3 Nxg3+ {#R} 0-1

[Event "49th Italian Teams 2017"]
[Site "Gallipoli ITA"]
[Date "2017.04.29"]
[Round "4.4"]
[White "Simoli,S"]
[Black "Sebastianelli,Di"]
[Result "0-1"]
[WhiteElo "2270"]
[BlackElo "2328"]

1.Nf3 Nf6 2.c4 e6 3.g3 b6 4.Bg2 Bb7 5.O-O c5 6.Nc3 a6 7.d4 cxd4 8.Qxd4 Bc5
9.Qd3 Be7 10.Rd1 d6 11.b3 Nbd7 12.Ba3 Nc5 13.Qd4 O-O 14.Rac1 Qc7 15.Ne1 Bxg2
16.Nxg2 Rac8 17.Bb2 Rfd8 18.Ne3 Qb7 19.f3 b5 20.b4 Ncd7 21.cxb5 axb5 22.Qd3
Ne5 23.Qd2 Qb8 24.f4 Nc4 25.Nxc4 Rxc4 26.a3 d5 27.e3 Rdc8 28.Ne2 Ne4 29.Qd3 h6
30.Bd4 Qa8 31.Ra1 Qa4 32.Rdc1 Ra8 33.Nc3 Nxc3 34.Bxc3 Qb3 35.Rab1 Qa4 36.Ra1
Rac8 37.Bb2 Bf6 38.Rxc4 bxc4 39.Qe2 c3 40.Rc1 Rc4 {#R} 0-1

[Event "49th Italian Teams 2017"]
[Site "Gallipoli ITA"]
[Date "2017.04.29"]
[Round "4.4"]
[White "Pedini,D"]
[Black "Luciani,V"]
[Result "0-1"]
[WhiteElo "2282"]
[BlackElo "2180"]

1.e4 e6 2.d4 d5 3.e5 c5 4.c3 Nc6 5.Nf3 Bd7 6.Be2 cxd4 7.cxd4 Nge7 8.Nc3 Ng6
9.h4 Be7 10.h5 Nh4 11.Nxh4 Bxh4 12.Be3 O-O 13.Qd2 Na5 14.g4 Be7 15.g5 b5
16.Nxb5 Bxb5 17.Bxb5 Qb6 18.Qe2 Rfb8 19.a4 a6 20.Bd3 Qxb2 21.Qxb2 Rxb2 22.g6
fxg6 23.hxg6 h6 24.Rh3 Nc4 25.Bc1 Bb4+ 26.Kf1 Rb3 27.Kg2 Bc3 28.Ra2 Bxd4
29.Bf5 Rb6 {#R} 0-1

[Event "49th Italian Teams 2017"]
[Site "Gallipoli ITA"]
[Date "2017.04.29"]
[Round "4.5"]
[White "Piscopo,P"]
[Black "Damia,A"]
[Result "1-0"]
[WhiteElo "2399"]
[BlackElo "2417"]

1.e4 Nf6 2.e5 Nd5 3.d4 d6 4.Nf3 dxe5 5.Nxe5 c6 6.Be2 Nd7 7.Nd3 g6 8.Nd2 Bg7
9.Nf3 c5 10.c4 N5f6 11.d5 O-O 12.a4 Qa5+ 13.Bd2 Qa6 14.O-O Ne4 15.Be1 Qd6
16.Qc2 a5 17.Rd1 b6 18.Nc1 Nef6 19.Bc3 Nh5 20.Rfe1 Bb7 21.Ng5 Nhf6 22.Bf3 Qf4
23.Bd2 Qd6 24.Nd3 Nb8 25.Bf4 Qd7 26.Ne5 Qc8 27.Qb3 Ra6 28.Qe3 Qe8 29.Ngxf7
Rxf7 30.Nxf7 Qxf7 31.Bxb8 Nd7 32.Bg3 Bf6 33.d6 Bxf3 34.dxe7 {#r} 1-0

[Event "49th Italian Teams 2017"]
[Site "Gallipoli ITA"]
[Date "2017.04.29"]
[Round "4.6"]
[White "Gilevych,Artem"]
[Black "Chatalbashev,B"]
[Result "0-1"]
[WhiteElo "2423"]
[BlackElo "2546"]

1.d4 Nf6 2.c4 g6 3.Nc3 d5 4.Bg5 Ne4 5.h4 c5 6.cxd5 Nxc3 7.bxc3 Qxd5 8.e3 Nc6
9.Qf3 Qf5 10.Bb5 Bd7 11.Qxf5 gxf5 12.Nf3 f6 13.Bf4 cxd4 14.cxd4 a6 15.Ba4 Nb4
16.Bxd7+ Kxd7 17.Rb1 e6 18.Ke2 b5 19.Rbc1 Nd5 20.Ne1 Ba3 21.Rc2 Rac8 22.Kf3
Nb4 23.Re2 Rhg8 24.h5 Rc3 25.h6 Ke7 26.Rd2 Rc1 27.g4 Rxg4 28.e4 Rc3+ 29.Be3
Rxe4 30.Rg1 Rh4 31.Rg7+ Kf8 32.Ra7 f4 33.Ra8+ Ke7 {#R} 0-1

[Event "49th Italian Teams 2017"]
[Site "Gallipoli ITA"]
[Date "2017.04.29"]
[Round "4.6"]
[White "Genna,J"]
[Black "Tomba,I"]
[Result "0-1"]
[WhiteElo "2230"]
[BlackElo "2265"]

1.d4 d5 2.Nf3 Nf6 3.c4 c6 4.Nc3 dxc4 5.a4 Bf5 6.e3 e6 7.Bxc4 Bb4 8.O-O O-O
9.Qb3 Qe7 10.Bd2 c5 11.dxc5 Bxc5 12.a5 Nc6 13.Na4 Bd6 14.Nd4 Nxd4 15.exd4 Rac8
16.Rac1 Ne4 17.Be3 Qh4 18.g3 Nxg3 19.fxg3 Bxg3 20.Rxf5 Qxh2+ 21.Kf1 exf5
22.Qc2 Qh1+ 23.Ke2 Qh5+ 24.Kd3 Rce8 25.Qg2 Rxe3+ 26.Kxe3 Qg5+ 27.Kd3 Qxc1
28.Nc3 f4 29.Nd5 Qd1+ {#R} 0-1

[Event "10th Italian Teams w 2017"]
[Site "Gallipoli ITA"]
[Date "2017.04.29"]
[Round "3.1"]
[White "Graziani,Emma"]
[Black "Paolillo,Gaia"]
[Result "0-1"]
[WhiteElo "1287"]
[BlackElo "2011"]

1.e4 e6 2.d4 d5 3.exd5 exd5 4.Bd3 Bd6 5.Nf3 Ne7 6.Be3 Nbc6 7.c3 Bf5 8.O-O O-O
9.Qe2 Qd7 10.Nbd2 Rae8 11.Bxf5 Nxf5 12.Nb3 Bf4 13.Qd3 Nxe3 14.fxe3 Rxe3 15.Qc2
b6 16.Rae1 Rfe8 17.Rxe3 Rxe3 18.Nc1 Re4 19.Nd3 Qe7 20.Nxf4 Rxf4 21.g3 Re4
22.Rf2 f6 23.Qb3 Qe6 24.Qc2 a5 25.Kg2 Ne7 26.h3 Nf5 27.Qd2 Qd6 28.g4 Qg3+
29.Kh1 Qxh3+ 30.Nh2 Ng3+ 31.Kg1 Rxg4 32.Rg2 Re4 33.Qf2 Ne2+ 34.Kf1 Nf4 35.Qg3
Qxg2+ 36.Qxg2 Nxg2 37.Kxg2 Re2+ 38.Kg3 Rxh2 39.Kxh2 g5 {#R} 0-1

[Event "10th Italian Teams w 2017"]
[Site "Gallipoli ITA"]
[Date "2017.04.29"]
[Round "3.1"]
[White "Di Primio,E"]
[Black "Doddato,Francesca"]
[Result "1-0"]
[WhiteElo "1953"]
[BlackElo "1395"]

1.e4 c5 2.Nc3 Nc6 3.f4 e6 4.Nf3 Nf6 5.Bb5 Qc7 6.d3 Be7 7.O-O O-O 8.a4 Rd8
9.Qe1 d6 10.h3 Nd4 11.Qf2 Nxb5 12.Nxb5 Qd7 13.c4 a6 14.Nc3 h6 15.Nh4 Re8 16.f5
Bd8 17.Be3 Bc7 18.fxe6 Qxe6 19.Nf5 Nh7 20.Nd5 Bb8 21.Qg3 {#r} 1-0

[Event "10th Italian Teams w 2017"]
[Site "Gallipoli ITA"]
[Date "2017.04.29"]
[Round "4.1"]
[White "Gueci,Tea"]
[Black "De Rosa,M"]
[Result "0-1"]
[WhiteElo "2132"]
[BlackElo "2128"]

1.e4 c5 2.Nf3 d6 3.d4 cxd4 4.Nxd4 Nf6 5.Nc3 a6 6.Nb3 e6 7.g4 b5 8.Bg2 Bb7 9.g5
Nfd7 10.Be3 Nc6 11.Qe2 Nce5 12.f4 Nc4 13.O-O-O Rc8 14.f5 b4 15.Nb1 Nxe3
16.Qxe3 Be7 17.h4 e5 18.Bh3 f6 19.Rhg1 Qc7 20.Qe2 a5 21.Rg3 a4 22.Na1 O-O
23.Rdg1 d5 24.Qg2 Nb6 25.gxf6 Bxf6 26.Qd2 Qe7 27.a3 b3 28.h5 Nc4 29.Qe2 h6
30.exd5 e4 31.Nc3 e3 32.cxb3 axb3 33.Rxg7+ Bxg7 34.f6 Qxf6 35.Bxc8 Rxc8
36.Nxb3 Nxb2 {#R} 0-1

[Event "4NCL 2016-17"]
[Site "Telford ENG"]
[Date "2017.04.29"]
[Round "9.11"]
[White "Fitzsimons,D"]
[Black "Howell,D"]
[Result "0-1"]
[WhiteElo "2372"]
[BlackElo "2655"]

1.e4 c6 2.d4 d5 3.Nc3 dxe4 4.Nxe4 Nf6 5.Nxf6+ exf6 6.c3 Bd6 7.Bd3 Be6 8.Ne2
Qc7 9.Be3 Nd7 10.Qd2 Nb6 11.Bf4 O-O 12.O-O Rad8 13.Rfe1 Rfe8 14.Bxd6 Qxd6
15.Qf4 Qd7 16.Ng3 Nd5 17.Qh4 f5 18.Re2 Ne7 19.Rae1 c5 20.h3 cxd4 21.Qxd4 Qc6
22.Qe5 Ng6 23.Qb5 Nf4 24.Qxc6 bxc6 25.Bxf5 Nxe2+ 26.Rxe2 Bxa2 27.b4 Rxe2
28.Nxe2 c5 29.Bg4 cxb4 30.cxb4 Bc4 {#R} 0-1

[Event "4NCL 2016-17"]
[Site "Telford ENG"]
[Date "2017.04.29"]
[Round "9.18"]
[White "Steil Antoni,F"]
[Black "Cooper,L"]
[Result "0-1"]
[WhiteElo "2141"]
[BlackElo "2341"]

1.e4 e5 2.Nc3 Nf6 3.g3 Bc5 4.Bg2 Nc6 5.Nge2 a6 6.d3 d6 7.O-O h6 8.h3 Be6 9.Kh2
h5 10.Nd5 h4 11.Nxf6+ Qxf6 12.f4 hxg3+ 13.Nxg3 Bxh3 14.Bxh3 Qh4 15.Nh5 Rxh5
16.Qf3 Nd4 17.Qg2 Ke7 18.b4 Rah8 19.bxc5 Qxh3+ 20.Qxh3 Rxh3+ 21.Kg1 Rh1+ {#R}
0-1

[Event "4NCL 2016-17"]
[Site "Telford ENG"]
[Date "2017.04.29"]
[Round "9.24"]
[White "Horton,Andrew P"]
[Black "Foisor,M"]
[Result "1-0"]
[WhiteElo "2280"]
[BlackElo "2249"]

1.Nf3 d5 2.c4 e6 3.g3 Nf6 4.Bg2 c5 5.O-O Nc6 6.b3 Be7 7.e3 O-O 8.Bb2 b6 9.Nc3
Bb7 10.cxd5 Nxd5 11.Nxd5 Qxd5 12.d4 Rad8 13.Ne5 Qd6 14.dxc5 Qxc5 15.Nd7 Qf5
16.e4 Qg5 17.h4 Qh6 18.Rc1 e5 19.Bh3 Rfe8 20.Qf3 Bc8 21.Rfd1 Nd4 22.Bxd4 exd4
23.Rxc8 Rxc8 24.Ne5 f5 25.Qxf5 Qf6 26.Qe6+ Kh8 27.Nf7+ Kg8 28.Nd6+ Kf8
29.Qxf6+ {#r} 1-0

[Event "4NCL 2016-17"]
[Site "Telford ENG"]
[Date "2017.04.29"]
[Round "9.28"]
[White "Horton,Jamie A"]
[Black "Milson,Samuel A"]
[Result "1-0"]
[WhiteElo "2179"]
[BlackElo "2084"]

1.d4 d5 2.c4 c6 3.Nf3 Nf6 4.Qc2 dxc4 5.Qxc4 Bg4 6.Nc3 Nbd7 7.e4 Bxf3 8.gxf3 e5
9.Be3 Bd6 10.O-O-O Qa5 11.Kb1 O-O 12.h4 exd4 13.Qxd4 Be5 14.Qc4 b5 15.Qb3 c5
16.Nd5 c4 17.Qb4 Qxb4 18.Nxb4 Nb6 19.f4 Bc7 20.Na6 Rad8 21.Bg2 Rxd1+ 22.Rxd1
Rd8 23.Rxd8+ Bxd8 24.Bf3 h5 25.Nb4 Ng4 26.Bxg4 hxg4 27.Nc6 Bc7 28.Nxa7 b4
29.Kc2 Nd7 30.Nc6 Bd6 31.e5 Bf8 32.f5 Nc5 33.Nxb4 Ne4 34.Nd5 g3 35.fxg3 Nxg3
36.f6 Nf5 37.Bf2 gxf6 38.exf6 Nd6 39.a4 Nb7 40.Bb6 Nc5 41.Ne7+ {#r} 1-0

[Event "4NCL 2016-17"]
[Site "Telford ENG"]
[Date "2017.04.29"]
[Round "9.33"]
[White "Van Kampen,R"]
[Black "Collins,S IRL"]
[Result "1-0"]
[WhiteElo "2640"]
[BlackElo "2455"]

1.e4 e5 2.Nf3 Nc6 3.Bb5 a6 4.Ba4 Nf6 5.d3 d6 6.c3 g6 7.h3 Bg7 8.Be3 O-O 9.Nbd2
Re8 10.O-O h6 11.Re1 d5 12.Bxc6 bxc6 13.Qa4 Bd7 14.Qc2 Nh5 15.d4 exd4 16.Bxd4
Nf4 17.Be3 Ne6 18.Rad1 Qf6 19.Nb3 dxe4 20.Nfd2 Nf8 21.Nxe4 Qh4 22.f3 Bf5
23.Nbc5 Ne6 24.Bf2 Qe7 25.Qa4 Nxc5 26.Nxc5 Qg5 27.Qxc6 Rxe1+ 28.Rxe1 Rd8
29.Qxc7 Bxh3 30.g4 h5 31.Ne4 Qd5 32.c4 Qd3 33.Ng5 hxg4 34.Qxf7+ Kh8 35.Re8+
{#r} 1-0

[Event "4NCL 2016-17"]
[Site "Telford ENG"]
[Date "2017.04.29"]
[Round "9.36"]
[White "Franklin,S"]
[Black "Le Roux,JP"]
[Result "0-1"]
[WhiteElo "2302"]
[BlackElo "2549"]

1.e4 c6 2.d4 d5 3.f3 e6 4.Nc3 Bb4 5.a3 Ba5 6.Be3 Ne7 7.Nh3 O-O 8.Be2 e5 9.dxe5
Bxh3 10.gxh3 Nd7 11.f4 dxe4 12.Qd4 Nd5 13.Qxe4 Qh4+ 14.Bf2 Bxc3+ 15.bxc3 Qxf4
16.Bd3 Qxe4+ 17.Bxe4 Nxc3 18.Bg2 Rfe8 19.Bd4 Nd5 20.O-O Nxe5 21.Rab1 b6 22.Rf5
Nc4 23.Rg5 g6 24.Bxd5 cxd5 25.Rg3 Rac8 26.Rb5 Nd6 27.Rxd5 Rxc2 28.Kh1 Ne4
29.Re3 f5 30.Kg1 Rec8 31.Re1 Rd2 32.Rd7 Rc4 33.Rg7+ Kf8 34.Ba1 Rcc2 {#R} 0-1

[Event "4NCL 2016-17"]
[Site "Telford ENG"]
[Date "2017.04.29"]
[Round "9.38"]
[White "Rogers,Jo"]
[Black "Milliet,S"]
[Result "1-0"]
[WhiteElo "2296"]
[BlackElo "2387"]

1.e4 c5 2.Nf3 d6 3.Bc4 Nf6 4.d3 Nc6 5.a3 g6 6.O-O Bg7 7.Nc3 O-O 8.h3 a6 9.Bg5
h6 10.Be3 b5 11.Ba2 Bb7 12.Qd2 Kh7 13.Rae1 e5 14.Nh2 g5 15.Ne2 Nd4 16.Ng3 d5
17.f3 Ne6 18.Nf5 d4 19.Bf2 Nf4 20.Ng4 N6h5 21.Nxg7 Kxg7 22.Nxe5 f5 23.exf5
Rxf5 24.c3 Qd6 25.Ng4 Nxg2 26.Re6 Qd8 27.Nxh6 Rf8 28.Qe2 Ngf4 29.Qe5+ Kh7
30.Ng4 Nxe6 31.Qxe6 Nf6 32.Qf5+ Kh8 33.Ne5 Bc8 34.Qxg5 Rg8 35.Bxg8 Qxg8 36.h4
Bh3 37.Re1 Ra7 38.Kh2 Bc8 39.Qxf6+ {#r} 1-0

[Event "4NCL 2016-17"]
[Site "Telford ENG"]
[Date "2017.04.29"]
[Round "9.52"]
[White "Wall,T"]
[Black "Ledger,A"]
[Result "1-0"]
[WhiteElo "2183"]
[BlackElo "2377"]

1.d4 Nf6 2.Bf4 e6 3.e3 c5 4.c3 b6 5.Nf3 Bb7 6.Bd3 Be7 7.h3 O-O 8.Nbd2 d6 9.O-O
Nc6 10.a3 Re8 11.Bh2 Bf8 12.e4 a6 13.Re1 b5 14.Bc2 e5 15.d5 Nb8 16.c4 Nbd7
17.b4 Qb6 18.Qe2 Rab8 19.Rab1 Rec8 20.Bd3 cxb4 21.axb4 Ba8 22.Rec1 g6 23.cxb5
Rxc1+ 24.Rxc1 axb5 25.Ra1 Nxd5 26.exd5 Bxd5 27.Be4 Nf6 28.Bxd5 Nxd5 29.Ne4 Be7
30.Qd2 Nc7 31.Rc1 Ra8 32.Bg3 f6 33.Rxc7 Qxc7 34.Qd5+ Kg7 35.Qxa8 f5 36.Nc5 Kh6
37.Qb7 {#r} 1-0

[Event "4NCL 2016-17"]
[Site "Telford ENG"]
[Date "2017.04.29"]
[Round "9.53"]
[White "Bates,Ri"]
[Black "Coathup,R"]
[Result "1-0"]
[WhiteElo "2341"]
[BlackElo "2159"]

1.d4 Nf6 2.Nf3 g6 3.g3 Bg7 4.Bg2 O-O 5.O-O d6 6.c4 Nc6 7.Nc3 a6 8.b3 Rb8 9.d5
Nxd5 10.cxd5 Bxc3 11.Bh6 Ne5 12.Bxf8 Bxa1 13.Bxe7 Qxe7 14.Qxa1 Nxf3+ 15.Bxf3
Bf5 16.Qd4 b6 17.Rc1 Ra8 18.Rc4 Ra7 19.Qc3 a5 20.g4 Bc8 21.Re4 Qd8 22.h4 f5
23.gxf5 gxf5 24.Re3 c5 25.dxc6 Rg7+ 26.Kf1 d5 27.Bh5 {#r} 1-0

[Event "4NCL 2016-17"]
[Site "Telford ENG"]
[Date "2017.04.29"]
[Round "9.56"]
[White "Turner,Max N"]
[Black "Ledger,D"]
[Result "1-0"]
[WhiteElo "1955"]
[BlackElo "2215"]

1.d4 Nf6 2.c4 g6 3.g3 Bg7 4.Bg2 O-O 5.Nf3 d6 6.O-O Nbd7 7.Nc3 e5 8.h3 a6
9.dxe5 dxe5 10.Be3 Qe7 11.Qb3 Rb8 12.Rac1 b6 13.Rfd1 Bb7 14.Nd5 Nxd5 15.cxd5
Nf6 16.Bg5 h6 17.Bxf6 Bxf6 18.e4 Rfd8 19.Rc3 Bc8 20.Rdc1 Rb7 21.Qc2 Rd7 22.h4
Bg7 23.Rc6 Qf8 24.Bh3 f5 25.Rxg6 Rf7 26.h5 Kh8 27.Nh4 fxe4 28.Bxc8 Qxc8
29.Qxe4 Qh3 30.Rcc6 Rb8 31.Rg4 Re8 32.Qg6 Ref8 33.Qe6 {#r} 1-0